000 00817nas a2200253 4500
001 BR9210532
003 BR-BrBNA
005 20231205093405.0
007 ta
008 230509b bl.|||p| |||| 00| 00por d
040 _aBR-BrBNA
_bpor
_cBiblioteca Nacional de Agricultura
041 _a(Pt)
072 _aJ11
100 1 _aCosta, J.L. da S.
100 1 _aKushalappa, A.C.
245 1 _aReacao do milho a Aspergillus flavus e subsequente producao de aflatoxina
246 1 _aReaction of corn to Aspergillus flavus and subsequent production of aflatoxin
650 _aMILHO
650 _aASPERGILOSE
650 _aAFLATOXINA
773 0 _tSumma Phytopathologica (Brazil)
_xISSN 0100-5405
_g(Apr-Jun 1989), v. 15(2) p. 156-162
_wBR9210532
909 _a202311
_bLúcia
_c55
_dLúcia Elande
942 _2AGRIS
_n0
_cANA
999 _c138013
_d138013